الدليل السياحي لتاريخ أهم الأماكن الدينية و الأثرية في الأرض المقدسة : (رقم التسجيلة. 70430)

تفاصيل مارك
000 -LEADER
fixed length control field 00721nam a22002057a 4500
005 - DATE AND TIME OF LATEST TRANSACTION
control field 20251108172110.0
008 - FIXED-LENGTH DATA ELEMENTS--GENERAL INFORMATION
fixed length control field 250721s1996 xx 000 0 ara d
082 14 - DEWEY DECIMAL CLASSIFICATION NUMBER
Classification number 564/خور
100 1# - MAIN ENTRY--PERSONAL NAME
Personal name خوري، إبراهيم سلامة
245 10 - TITLE STATEMENT
Title الدليل السياحي لتاريخ أهم الأماكن الدينية و الأثرية في الأرض المقدسة :
Remainder of title يضم مئة و عشرين موقعا سياحيا و دينيا يتوق إليها الزائون /
264 1# - PRODUCTION, PUBLICATION, DISTRIBUTION, MANUFACTURE, AND COPYRIGHT NOTICE
Place of production, publication, distribution, manufacture القدس :
Date of production, publication, distribution, manufacture, or copyright notice 1996.
300 ## - PHYSICAL DESCRIPTION
Extent 251ص.
650 17 - SUBJECT ADDED ENTRY--TOPICAL TERM
Topical term or geographic name as entry element فلسطين
650 17 - SUBJECT ADDED ENTRY--TOPICAL TERM
Topical term or geographic name as entry element الآثار
650 17 - SUBJECT ADDED ENTRY--TOPICAL TERM
Topical term or geographic name as entry element القدس
650 17 - SUBJECT ADDED ENTRY--TOPICAL TERM
Topical term or geographic name as entry element السياحة
650 17 - SUBJECT ADDED ENTRY--TOPICAL TERM
Topical term or geographic name as entry element الكنائس
942 ## - ADDED ENTRY ELEMENTS (KOHA)
Source of classification or shelving scheme Dewey Decimal Classification
Koha item type كتب
المقتنيات
حالة السحب حالة الفقدان مصدر التصنيف حالة التلف غير قابل للإعارة المكتبة الرئيسية المكتبة الحالية موقع الرف تاريخ التزويد الرقم المتسلسل Total Checkouts رقم الإستدعاء الباركود تاريخ آخر ظهور تاريخ الفاتورة نوع المادة (كوها)
    Dewey Decimal Classification     المكتبة المركزية المكتبة المركزية الإعارة 27/02/2013 258277   564/خور PLD00265672 28/07/2025 27/02/2013 كتب
    Dewey Decimal Classification     مكتبة الأميرة ايمان العامة مكتبة الأميرة ايمان العامة الإعارة 23/09/2013 [10514]   564/خور PLD00279516 28/07/2025 23/09/2013 كتب
Implemented & Customized by: BBB with SCIT (Smart Chains for Information Technology)

Powered by Koha